00974nam a22002531 450000100060000000300080000600500170001400800390003103500190007004000320008904100080012108200220012910000590015124501440021026000310035430000360038550400200042165000280044165000230046965100510049294200120054399900170055595201480057234735BD-RjUL20211209052213.0140561s1949 nyua 001 0 eng a(BD-RjUL)34829 aDLCcDLCdDLCdBD-RjULbeng aeng00a309.173bWAD 19491 aWarner, W. Lloydq(William Lloyd),d1898-1970.910568110aDemocracy in Jonesville :ba study of quality and inequality /cby W. Lloyd Warner with the collaboration of Wilfrid C. Bailey [and others. aNew York :bHarper,c1949. axviii, 313 p. :bill. ;c22 cm. aIncludes index. 0aCommunity life.9105682 0aDemocracy.9105683 0aUnited StatesxSocial conditionsy1945-913010 2ddccBK c34735d34735 00102ddc40718NFICaRUCLbRUCLcReadingd1963-01-23eMirza book agencyg22.50l0o309.173 WAD 1949r2014-05-19 00:00:00tC-1w2014-05-19yBK